00924na a2200277 450000100060000000300080000600500170001400800410003104000250007204100080009708200280010511000710013322200230020424501020022724600320032924600190036126000220038030000220040244000500042449000400047461000400051461000270055465700230058174000230060483000190062722469MIRAKIL20181213155238.0170224b tu 000 0  aMilasbturcTR-AnCHP atur aCHP 330.9561bC36e 1995 aCumhuriyet Halk Partisi (CHP)bAraştırma ve Proje Merkezi (APM) aEkonomi raporları aEkonomik durum raporu '95cCumhuriyet Halk Partisi Merkez Araştırma ve Proje Merkezi (CHP/APM) aEkonomik durum raporu: 1995 aEkonomi raporu aAnkarabCHPc1995 a16 yaprakc30 sm. aCumhuriyet Halk Partisi yayınlarıpRaporlar aAraştırma ve Proje Merkezi (APM) aCHPxEkonomik durum, 1995yRaporlar aCHPxEkonomiyRaporlar aCHP ekonomi raporu aEkonomi raporları aCHP raporları